00609nam a2200157 a 450000500170000000800410001705000220005810000160008024501260009626000300022230000110025252001350026365000160039870000190041470000180043320140414093842.0090113s19uu xx uuu eng d aDVD 780bELV 2005 aKanter, Hal aElvis Presley in loving you /cwritten by Hal Kanter and Herbert Baker; produced by Hal B. Walis, directed by Hal Kanter. a[S.l.] :b[S.n.],cc2005. a1 DVD, a"Loving You" Elvis Presley Lizabeth Scott Wendell Corey Dolores Hart James Gleason Ralph Dumke Paul Smith Kenneth Becker Jana Lund aRock music. aBaker, Herbert aWalis, Hal B.